| 000 | nam a22 7a 4500 | ||
|---|---|---|---|
| 999 |
_c330858 _d330858 |
||
| 003 | NUST | ||
| 005 | 20170817131140.0 | ||
| 008 | 170817b xxu||||| |||| 00| 0 eng d | ||
| 040 | _cNUST | ||
| 082 |
_a954.915 _bBAL |
||
| 100 |
_aBaloch, Shakil Ahmad _93954 |
||
| 245 |
_aBaluchistan ki pukar/ _cby Shakil Ahmad Baloch |
||
| 260 |
_aQuetta: _bGosha adab, _c2004 |
||
| 300 | _a156 p. | ||
| 650 |
_aPakistan- Baluchistan- Province _93952 |
||
| 880 |
_6100-01\(3\r _aشکیل احمد بلوچ |
||
| 880 |
_6245-02\(3\r _aبلوچستان کی پکار _cشکیل احمد بلوچ |
||
| 880 |
_6260-03\(3\r _aکوئٹہ: _bگوشہ ادب، _c2010 |
||
| 942 |
_2ddc _cBK |
||